Normal view
MARC view
- بورتر، برايز، م مشارك كريستوفر تووك
Entry Personal Name
001 - CONTROL NUMBER
- control field: 51389
003 - CONTROL NUMBER IDENTIFIER
- control field: JO-AjAnu
005 - DATE AND TIME OF LATEST TRANSACTION
- control field: 20230606082444.0
008 - FIXED-LENGTH DATA ELEMENTS
- fixed length control field: 230606|| aca||aabn | a|a d
040 ## - CATALOGING SOURCE
- Original cataloging agency: JO-AjAnu
- Transcribing agency: JO-AjAnu
100 ## - HEADING--PERSONAL NAME
- Personal name: بورتر، برايز، م مشارك كريستوفر تووك
670 ## - SOURCE DATA FOUND
- Source citation: Work cat.: (JO-AjAnu)26263: بورتر، برايز، م مشارك كريستوفر تووك, author, موسوعة التدريب العملي قي النجارة